| 000 | 00684nam a2200169 a 4500 | ||
|---|---|---|---|
| 008 | 201118s2013 ||||||||||||||||| || u | ||
| 020 | _a9781780878300 | ||
| 050 | _aPZ 7.T6443428 | ||
| 100 | _aTorday, Piers | ||
| 245 | 1 | 4 |
_aThe last wild _cBy Piers Torday |
| 260 |
_a2013 _bQuercus Children's books _c2013 |
||
| 300 | _a325 pages | ||
| 350 | _a8.62 | ||
| 650 | _aENGLISH LANGUAGE | ||
| 995 |
_aFICTION Collection _e750498 _FCBU-MAIN LIBRARY (Kitwe) _I8.62 _jPZ 7.T6443428 _M2 _UAVAILABLE _WDec 10, 2020 _y750498 _ZFiction Collection |
||
| 995 |
_aFICTION Collection _D8.62 _e905202 _FCBU-SCHOOL OF MEDICINE LIBRARY (Ndola) _jPZ 7.T6443428 _M1 _UAVAILABLE _WNov 19, 2020 _y905202 _ZFiction Collection |
||
| 999 |
_c80618 _d80618 |
||